Kraje z największą ilością dróg wodnych - Statystyki

Ogólne statystyki
  • Ten quiz został rozwiązany 137 razy
  • Średni wynik to 32 z 50
Statystyki odpowiedzi
Ilość Kraj % Poprawnych
41 009 Stany Zjednoczone
100%
110 000 Chiny
97%
102 000 Rosja
96%
3 997 Polska
92%
50 000 Brazylia
91%
8 501 Francja
91%
14 500 Indie
90%
7 467 Niemcy
90%
2 400 Włochy
89%
3 200 Wielka Brytania
85%
11 000 Argentyna
84%
1 770 Japonia
84%
2 052 Szwecja
84%
21 579 Indonezja
82%
2 900 Meksyk
82%
2 000 Australia
81%
3 500 Egipt
79%
24 725 Kolumbia
78%
8 000 Finlandia
77%
7 100 Wenezuela
76%
8 808 Peru
73%
1 672 Ukraina
72%
1 600 Korea Południowa
69%
4 000 Tajlandia
66%
7 200 Malezja
63%
47 130 Wietnam
62%
6 237 Holandia
61%
10 000 Boliwia
59%
8 600 Nigeria
59%
4 000 Kazachstan
57%
12 800 Mjanma
57%
1 731 Rumunia
57%
4 600 Laos
54%
2 043 Belgia
53%
2 500 Białoruś
53%
3 219 Filipiny
53%
5 279 Irak
52%
3 700 Kambodża
50%
4 068 Sudan
50%
1 622 Węgry
50%
8 370 Bangladesz
49%
2 250 Korea Północna
49%
3 100 Paragwaj
46%
11 000 Papua-Nowa Gwinea
40%
15 000 Demokratyczna Republika Konga
35%
2 250 Zambia
19%
1 800 Mali
17%
2 800 Republika Środkowoafrykańska
17%
1 600 Gabon
13%
2 220 Nikaragua
10%
Nie znaleziono quizów pasujących do podanych kryteriów
Rozkład punktacji
Procent ludzi z każdym wynikiem
Percentyl według liczby udzielonych odpowiedzi
Twoja historia wyników
Nie rozwiązałeś tego quizu